00973 a2200229 45000010006000000050017000060080041000230030015000640400040000790800031001192450027001500200018001772640035001953000019002305050305002490410008005549420007005625900036005691000017006059990015006229520106006375459620260407155820.0260407a1986 arg spa dAR-UNSa-BCEJYS aAR-UNSa-BCEJYSbspacAR-UNSa-BCEJYS a316.6xPsicología Social10aEl miedo a la libertad a950-12-6608-7 1aBuenos Aires :bPaidósc1986 a287 p.c19 cm. a1. La libertad como problema psicológico – 2. La emergencia del individuo y la ambigüedad – 3. La libertad en la época de la Reforma – 4. Los dos aspectos de la libertad para el hombre moderno – 5. Mecanismo de evasión – 6. La psicología del nazismo – 7. Libertad y democracia.  aspa cBK aniveau_biblio:m niveau_hierar:01 aFromm, Erich c5671d5671 00104070aBCEJYSbBCEJYSc16d2026-04-07l0o316.6 F932pL45017r2026-04-07 15:58:20w2026-04-07yL